000 00830nam a22002777a 4500
001 BR6002444
003 BR-BrBNA
005 20230928095609.0
007 ta
008 230509b bl.||||| |||| 00| 0 por d
040 _aBR-BrBNA
_bpor
_cBiblioteca Nacional de Agricultura
041 _a(Por)
072 _aQ10
_b9430
090 _ 9430 BR6002444
100 1 _aCastro, I.F. de
100 1 _aMesquita, M.Z. de
110 1 _aDepartamento Nacional da Producao Animal, Rio de Janeiro, GB (Brasil). Div. de Fomento da Producao Animal
245 1 _aUniformizacao do queijo de minas
250 1 _a3. ed.
260 3 _aRio de Janeiro, GB (Brasil):
_bServico de Informacao Agricola,
_c1940.
300 _a7 p.
650 _aQueijo
650 _aIndustria Alimenticia
909 _a202309
_bLucia
_c55
_dLucia Elande
942 _cBK
999 _c57513
_d57513